000 00496nam a22001697a 4500
005 20231106153825.0
008 231106b |||||||| |||| 00| 0 eng d
020 _a978-81-7319-374-3
041 _aeng
082 _a631.5
100 _aCHAHAL, G.S. AND GOSAL, S.S
_98238
245 _aPRINCIPLES AND PROCEDURES OF PLANT BREEDING : Biotechnological and conventional approaches
260 _aNEW DELHI
_bNAROSA PUBLISHING HOUSE
_c2002
300 _a604;p
650 _aAGRICULTURE
942 _cBK
999 _c8464
_d8462